イントロクイズ #3 - Statistics

General Stats
  • This quiz has been taken 895 times
  • The average score is 7 of 25
Answer Stats
Intro Answer % Correct
残酷な天使のように 少年よ神話になれ 残酷な天使のテーゼ
94%
明日 今日よりも好きになれる 溢れる想いが止まらない キセキ
77%
がっかりして めそめそして どうしたんだい 勇気100%
74%
この度はこんな私を選んでくれてどうもありがとう。 トリセツ
70%
広い宇宙の数ある一つ 青い地球の広い世界で 小さな恋のうた
59%
○○○はこの未来だ 世界中全部変えてしまえば 新時代
49%
12時を少し過ぎる頃 (oh no!) 残酷な○○○ Monster
32%
涙の数だけ強くなれるよ アスファルトに咲く花のように TOMORROW
32%
ああ どれだけ過去が辛くて暗くても ともに
28%
朝の空を見上げて 今日という1日が 365日の紙飛行機
28%
僕がずっと前から思ってることを話そうか 天ノ弱
26%
8月15日の午後12時半くらいのこと 天気が良い カゲロウデイズ
24%
一度きりの人生転がるように 笑って泣いて生きてゆこうぜ ワイルド アット ハート
22%
あの一等星のさんざめく光で あなたとダンスを踊ろうか 太陽系デスコ
22%
流れてく時の中ででも 気だるさがほらグルグル回って Bad Apple!!
19%
遥か遠くに浮かぶ星を 想い眠りにつく君の 祝福
15%
世界の始まりの日 生命の樹の下で 創聖のアクエリオン
12%
科学の限界を超えて 私は来たんだよ みくみくにしてあげる♪
12%
悲しい出来事があると僕は一人で 夜の街をただひたすら歩くんだ シンクロニシティ
10%
群れを逸れて夢を咥えた それが最後になる気がしたんだ 第ゼロ感
8%
太陽を朱く閉じ込めて 車輪は何処へ進む 明け星
6%
○○○でオデオーナイ! ハイ! 金星のダンス
5%
私といるより楽しまないで 心に傷を負った君がいい サターン
3%
皆で行こう僕たちの夢 ほら広がる世界の先へ 未来のミュージアム
3%
ああ ○○○ ○○○ とっくに知ってるよ くらべられっ子
3%
No matching quizzes found
Score Distribution
Percent of People with Each Score
Percentile by Number Answered
Your Score History
You have not taken this quiz